K objektivnosti tržní hodnoty
Upresnenie a objasnenie kontroverzií ohľadom pojmu trhovej hodnoty a rozdielov v chápaní jej objektivity podľa ekonomickej teórie a teórie a praxe oceňovania.
Saved in:
| Main Author: | |
|---|---|
| Other Authors: | |
| Format: | Book Chapter |
| Language: | Czech |
| Subjects: | |
| Tags: |
No Tags, Be the first to tag this record!
|
MARC
| LEADER | 00000naa$a2200000$$$4500 | ||
|---|---|---|---|
| 001 | 0055426 | ||
| 005 | 20231116103714.8 | ||
| 041 | 0 | |a cze | |
| 044 | |a CZ | ||
| 245 | 1 | 0 | |a K objektivnosti tržní hodnoty |c Miloš Mařík, Tomáš Krabec |
| 520 | |a Upresnenie a objasnenie kontroverzií ohľadom pojmu trhovej hodnoty a rozdielov v chápaní jej objektivity podľa ekonomickej teórie a teórie a praxe oceňovania. | ||
| 610 | 2 | 0 | |a hodnota trhová |
| 610 | 2 | 0 | |a teória hodnoty |
| 610 | 2 | 0 | |a oceňovanie |
| 610 | 2 | 0 | |a ohodnocovanie podniku |
| 610 | 2 | 0 | |a teórie ekonomické |
| 610 | 2 | 0 | |a aktíva |
| 610 | 2 | 0 | |a analýza ekonomická |
| 610 | 2 | 0 | |a história |
| 100 | 1 | |a Mařík, Miloš | |
| 700 | 1 | |a Krabec, Tomáš | |